Normal view
MARC view
- South African Dev Community
Entry Personal Name
001 - CONTROL NUMBER
- control field: 20865
003 - CONTROL NUMBER IDENTIFIER
- control field: NUST
005 - DATE AND TIME OF LATEST TRANSACTION
- control field: 20190918110854.0
008 - FIXED-LENGTH DATA ELEMENTS
- fixed length control field: 190918|| aca||aabn | a|a d
040 ## - CATALOGING SOURCE
- Original cataloging agency: NUST
- Transcribing agency: NUST
100 ## - HEADING--PERSONAL NAME
- Personal name: South African Dev Community
670 ## - SOURCE DATA FOUND
- Source citation: Work cat.: (NUST): South African Dev Community, Guide: Low volume sealed roads, 2003
